Les tours des Olympiades - Statistiques

Statistiques générales
  • Ce quiz a été pris 34 fois
  • Le résultat moyen est 10 sur 14
Statistiques - réponses
Pays de la ville Réponse % Correct
Grèce Athènes
100%
Finlande Helsinki
100%
Royaumes-Unis Londres
100%
Italie Rome
100%
Japon Tokyo
100%
Mexique Mexico
97%
Norvège Oslo
97%
Belgique Anvers
94%
Canada Montréal
90%
France Grenoble
68%
Grèce Olympie
68%
Japon Sapporo
26%
États-Unis Squaw Valley
6%
Italie Cortina d'Ampezzo
0%
Aucun quiz correspondant
Distribution des résultats
% des personnes avec chaque résultat
Percentile par nombre de réponses
Votre historique - résultats
Vous n’avez pas pris ce quiz